Statistiken für Zufällige Geographiekenntnisse

Klicken Sie hier um das Quiz zu spielen!

Allgemein

  • Dieses Quiz wurde 303 mal gespielt
  • Das Durchschnittsergebnis liegt bei 9 aus 15

Antwortstatistiken

HinweisAntworten% Korrekt
Größte Stadt der Schweiz
(nach Bevölkerung)
Zurich
96%
Berühmtester französischer TurmEiffelturm
86%
Hauptstadt von IndienNeu-Delhi
86%
Größtes Land Afrikas
(nach Landfläche)
Algerien
81%
Bevölkerungsreichster Inselstaat
Indonesien
71%
Hauptstadt von KasachstanNur-Sultan
64%
Allgemeiner Name für Estland, Lettland und LitauenBaltische Staaten
61%
Britische Division, in der Belfast liegt
Nordirland
57%
Land mit der drittgrößten ProduktionsleistungJapan
57%
Land mit den meisten PyramidenSudan
54%
Land, von dem Bangladesch unabhängig wurdePakistan
52%
Niederländisches Hoheitsgebiet beginnend mit AAruba
33%
Insel in Florida mit Himmelsrichtung im NamenKey West
29%
Zweitbevölkerungsreichstes US-Überseegebiet
(Puerto Rico ist der Erste)
Guam
25%
Die eine moderne russische RepublikTuva
0%

Verteilung der Resultate

Perzentil nach korrekt beantworteten Fragen

Anzahl Personen mit jedem Resultat

Ihre Resultats-Entwicklung

Sie haben dieses Quiz noch nicht gespielt